निवडक नितीकथा. (Record no. 263221)

MARC details
000 -LEADER
fixed length control field 00669nam a2200181Ia 4500
008 - FIXED-LENGTH DATA ELEMENTS--GENERAL INFORMATION
fixed length control field 090630s9999 xx 000 0 und d
082 ## - DEWEY DECIMAL CLASSIFICATION NUMBER
Item number 11365
100 ## - MAIN ENTRY--PERSONAL NAME
Personal name मोर्डेकर माधव.
245 ## - TITLE STATEMENT
Title निवडक नितीकथा.
Statement of responsibility, etc मोर्डेकर माधव.
260 ## - PUBLICATION, DISTRIBUTION, ETC. (IMPRINT)
Name of publisher, distributor, etc शेवडे रा. वा. - कोल्हापूर.
Date of publication, distribution, etc 1990
300 ## - PHYSICAL DESCRIPTION
Extent 39
600 ## - SUBJECT ADDED ENTRY--PERSONAL NAME
Personal name मोर्डेकर माधव.
630 ## - SUBJECT ADDED ENTRY--UNIFORM TITLE
Uniform title निवडक नितीकथा.
655 ## - INDEX TERM--GENRE/FORM
Genre/form data or focus term बालवाङमय.
700 ## - ADDED ENTRY--PERSONAL NAME
Personal name मोर्डेकर माधव.
730 ## - ADDED ENTRY--UNIFORM TITLE
Uniform title निवडक नितीकथा.
942 ## - ADDED ENTRY ELEMENTS (KOHA)
Koha item type Book
Holdings
Withdrawn status Lost status Damaged status Not for loan Home library Current library Date acquired Cost, normal purchase price Total Checkouts Full call number Barcode Date last seen Cost, replacement price Price effective from Koha item type
        Sarvajanik Wachanalaya Shrivardhan Sarvajanik Wachanalaya Shrivardhan   6.00   11365 SAWASHRI-11365 06/30/2009 6.00 06/30/2009 Book